| 000 | 01064nam a2200241 a 4500 | ||
|---|---|---|---|
| 001 | BRCA_8993 | ||
| 005 | 20190320210502.0 | ||
| 008 | 130717s1767----sp-#######---#000-0#spa-# | ||
| 041 | _aspa | ||
| 044 | _asp | ||
| 084 |
_aLM13 _b.B54 1767 |
||
| 100 | 1 |
_aBielfeld, Jacob Friedrich _cBarón de _922318 |
|
| 245 | 1 | 0 |
_aInstituciones políticas _bobra, en que se trata de la Sociedad Civil, de las Leyes, de la Policía, de la Real Hacienda, del Comercio, y Fuerzas de un Estado; y en general, de todo quanto pertenece al gobierno _cescrita en idioma francés por el Baron de Bielfeld; y traducida al castellano por D. Domingo de la Torre y Mollinedo. |
| 260 |
_aMadrid _ben la Imprenta de D. Gabriel Ramirez _c1767 |
||
| 300 |
_a355 p. (t.1) _c20.8 x 16 cm |
||
| 500 | _aCon las licencias necesarias | ||
| 500 | _aEstado físico: presenta encuadernación en pergamino con cintas rotas | ||
| 650 | 1 | 4 |
_aComercio _99286 |
| 650 | 1 | 4 |
_aPoliticas y gobierno _zEuropa _922319 |
| 700 | 1 |
_aTorre y Mollinedo, Domingo de la _etr. _922320 |
|
| 902 | _aCFM | ||
| 942 |
_2lcc _cB |
||
| 999 |
_c8644 _d8644 |
||